000 00965nam a2200217Ia 4500
008 0000001996 pr a 0000000000spa00
020 _a965000508
090 _aPPR00 M34n
100 1 _aMiller, Jeannette
245 1 0 _aNoemi Ruiz y la poesía visual del trópico
_c/ ensayo Jeannette Miller ; traducción Eneid Routté Gómez
300 _a164 p.
_c/ 28 cm.
500 _aPortada autografiada con el siguiente texto : Para Celia con el color del Caribe y el sol de Puerto Rico, cariñosamente, Noemi Ruíz, 1/30/96 \ Con el patronazgo del maestro venezolano Jesús Rafael Soto (q.e.p.d.)
600 0 0 _aRUIZ, NOEMI, 1931/
_xTRABAJOS PICTORICOS
650 1 4 _aARTE CONTEMPORANEO PUERTORRIQUEÑO
650 1 4 _xCATALOGOS
650 1 4 _xEXPOSICIONES
650 1 4 _aPINTORES PUERTORRIQUEÑOS
650 1 4 _aPINTURA PUERTORRIQUEÑA
700 1 _aRoutté Gómez, Eneid, tr.
999 _c4813
_d4813
260 _aSan Juan (Puerto Rico) : Universidad de Puerto Rico
_c1996